02349nam a2200241 a 4500001001000000003000900010005001700019008004100036040002500077082002100102100003400123245005700157246005500214260005400269300003600323500006400359500003300423504003200456505145200488600003701940600005201977651007802029000030973DO-SdBNP20240927073748.0100903t1996 dr ac 001 0 spa d aDO-SdBNPbspacBNPHU a972.93053bR696t1 aRodríguez León, Francisco10aBalaguer y Trujillo /cFrancisco Rodríguez León.14aBalaguer y Trujillo:bentre la espada y la palabra aSanto Domingo :bArtes & Ediciones Caribe,c1996. a648 p. :bil., retrs. ;c24 cm. aIncluye datos biográficos del autor en la contracubierta. aIncluye indice onomástico. aBibliografía : p. 706-7180 tPrólogo --tPreludio --tOrígenes: el soldado --tOrígenes: el intelectual --tAntecedentes --tPrimera década (1930-1939) :tPrimer período (1930-1934): escenario político --tPrimer período (1930-1934): la economía --tGénesis de un cortesano --tSegundo período (1934-1938) --tUn holocausto tropical --tLa presidencia de papel: Jacinto B. Peynado (1938-1940) --tSegunda década (1940-1949) :tLa presidencia de cartón: Manuel de Js. Troncoso de La Concha (1940-1942) --tEl retorno del bárbaro --tLa dominicanización de la frontera --tEl exilio del cortesano (1940-1949) --tTercera década (1950-1959) :tEl regreso del cortesano --tEl Anselmato (1950-1954) --tApoteosis: la feria de las ilusiones --tEl delfín y el cortesano --tLa vicepresidencia del cortesano --tAsí habló el cortesano --tDesenlace (1960-1962) :tVorágine: la rebelión de un país --tVértigo: la presidencia del cortesano --tSoliloquio (I) --tEl cortesano y el "30 de mayo" --tFunerales de EstadotLos nuevos tiempos --tMalicia en el país de las maravillas --tLas cortinas del palacio no son de terciopelo azul --tLa insurrección de Santiago --tEl cortesano y el asesinato de los héroes del "30 de mayo" --tLa silla de alfileres --tInterregno --tUn consejo para el cortesano --tReflexiones --tSoliloquio (II) --tExhortación --tCoda --tAnexo--tBibliografía --tIndice onomástico --tDocumentos.10a Balaguer, Joaquín,d1906-200210aTrujillo Molina, Rafael Leónidas,d 1891-196114aRepública DominicanaxPolítica y gobiernoyEra de Trujillo, 1930-1961